00567nam a22001577a 4500003000900000005001700009008004100026040001300067100002400080245007600104260003700180300001800217490007100235500002000306520008300326IT-RoPau20220918181219.0140404b xxu||||| |||| 00| 0 eng d cIT-RoPau aFiglie di San Paolo aVita Paolina nella provincia italiana - fsp - Una rete di comunicazione aRomabCasa Provinciale FSPc2006 a34 pp.c24 cm aVita Paolina nella provincia italiana - fspv11° Vol. Aprile 2006 aPro manuscripto aIndice 11° Vol. Aprile 2006 - Pp. 34 - (2 copie) - Una rete di comunicazione